COŚ OKRĄGŁEGO: - Statystyki

Ogólne statystyki
  • Ten quiz został rozwiązany 130 razy
    97 od ostatniego zresetowania
  • Średni wynik to 3 z 7
Statystyki odpowiedzi
Odpowiedź % Poprawnych
KOŁO
87%
PIŁKA
60%
KULA
44%
STÓŁ
26%
ZIEMIA
24%
PIZZA
9%
SUMA
4%
Nie znaleziono quizów pasujących do podanych kryteriów
Rozkład punktacji
Procent ludzi z każdym wynikiem
Percentyl według liczby udzielonych odpowiedzi
Twoja historia wyników
Nie rozwiązałeś tego quizu od ostatniego zresetowania